000
00321nam a22001337a 4500
008
171004b xxu||||| |||| 00| 0 eng d
020
_a
0138449449
041
_a
eng
080
_2
2ND
_a
159.9
100
_a
48
101
_a
PSI
245
_a
STATISTICAL METHODS IN EDUCATION AND PSYCHOLOGY
_c
GLASS,G.V
942
_2
udc
_c
BK
999
_c
31731
_d
31731